[Event "Luiz Rego Memorial"]
[Site "Teresina"]
[Date "2012.03.18"]
[Round "5"]
[White "De Lima Filho, Jose Pacifico"]
[Black "Reis, Paulo F Jatoba"]
[Result "0-1"]
[WhiteElo "1891"]
[BlackElo "2430"]
[PlyCount "52"]
[EventDate "2012.03.16"]
[EventType "swiss"]
[EventRounds "6"]
[EventCountry "BRA"]
[SourceTitle "CBM 147 Extra"]
[Source "ChessBase"]
[SourceDate "2012.04.24"]
[SourceVersion "1"]
[SourceVersionDate "2012.04.24"]
[SourceQuality "1"]

1. c4 c5 2. Nc3 Nc6 3. Nf3 Nf6 4. e4 d6 5. Be2 Bg4 6. d3 g6 7. 0-0 Bg7 8. Re1 0-0 9. Be3 a6 10. Qd2 Rb8 11. Rad1 b5 12. cxb5 axb5 13. h3 Bxf3 14. Bxf3 b4 15. Ne2 Ne5 16. d4 Nxf3+ 17. gxf3 Qc8 18. Kh2 Nd7 19. Bg5 f6 20. Be3 f5 21. Nf4 fxe4 22. Ne6 Rxf3 23. Ng5 Rf5 24. Nxe4 cxd4 25. Bg5 Ne5 26. Kg2 Nf3 0-1